000 00472nam a22001337a 4500
008 210304b ||||| |||| 00| 0 eng d
020 _a9789998080805
082 _a895.4 RIN
100 _aRinzin, Tshewang
245 _aསྙན་ངག་གི་སྙིང་བསྡུས་སྨན་ལྗོངས་བློ་རིགས་མིག་འབྱེད།
260 _aThimphu :
_bRoyal Monastic Body,
_c2018.
300 _axv, 375 p.
_c23 cm.
942 _2ddc
999 _c8647
_d8648